[Event "Sigeman & Co 03rd"]
[Site "Malmo"]
[Date "1995.??.??"]
[Round "3"]
[White "Hector, Jonny"]
[Black "Hjartarson, Johann"]
[Result "0-1"]
[WhiteElo "2540"]
[BlackElo "2590"]
[Annotator "Hjartarson,J"]
[PlyCount "80"]
[EventDate "1995.05.??"]
[EventType "tourn"]
[EventRounds "9"]
[EventCountry "SWE"]
[EventCategory "12"]
[SourceTitle "CBM 048"]
[Source "ChessBase"]
[SourceDate "1995.10.01"]
[SourceVersion "1"]
[SourceVersionDate "1995.10.01"]
[SourceQuality "1"]

1. e4 {Boensch} c5 2. Nf3 e6 (2... Nc6 3. d4 cxd4 4. Nxd4 Nf6 5. Nc3 d6 6. Bc4
Qb6 7. Nb3 e6 8. O-O a6 9. Be3 Qc7 10. Bd3 Be7 11. f4 b5 12. Qf3 Bb7 {This
position can be reached by several different Sicilian variations, e.g.the
Paulsen as in the game, or more commonly, from the Benko var. in Sozin with an
extra move, as demonstrated here. ECO however, classifies it as Scheveningen.})
3. d4 cxd4 4. Nxd4 Nc6 5. Nc3 Qc7 6. Be3 a6 7. Bd3 b5 8. O-O Bb7 9. Nb3 d6 10.
f4 Nf6 11. Qf3 Be7 12. a3 (12. Qh3 Nb4 (12... Rb8 $6 13. Kh1 (13. Rae1 $1)
13... b4 14. Ne2 e5 (14... O-O $5) 15. Rae1 Bc8 $6 (15... O-O) 16. Qf3 O-O 17.
f5 d5 $2 (17... Rd8) (17... Bb7) 18. exd5 e4 19. Bxe4 Ne5 20. Bf4 $1 $18 {
Judasin-Garcia Ilundain/Leon/1992}) (12... b4 $5 13. Ne2 Na5 14. Nd2 $1 h5 (
14... d5 $5 15. e5 Ne4 16. f5 $5 $13) 15. Kh1 d5 16. exd5 (16. e5 $6 Ng4 $10)
16... Bxd5 {Waitzkin-Arnett/New York/1994} 17. Bd4 $14) (12... O-O $5 13. Kh1 (
13. g4 {/\14...b4 15.g5!-> Judasin} Rfe8 $5 {Judasin} (13... Nd7 $5 {Judasin}))
(13. Rae1) 13... Rac8 (13... Nb4 {Boensch} 14. Nd4 Rfe8 15. a3 Nxd3 16. cxd3
Bf8 17. Rf3 Rac8 18. Raf1 Qd8 19. Rg3 Rc5 20. f5 e5 21. Nf3 Rxc3 $5 22. bxc3 d5
$44 {Belikov,V-Ye Rongguang Moscow Alekhine op 1992 0-1 48}) 14. a3 (14. Rae1
Nb4 $10 15. e5 $140 $2 dxe5 16. fxe5 Nxd3 $1 17. exf6 Nxe1 $1 18. fxe7 Bxg2+
$19) (14. a4 $5 b4 15. Nb1 $13) 14... b4 15. Na4 $2 (15. axb4 Nxb4 16. Nd4 $10)
15... bxa3 16. bxa3 Rb8 17. Nb6 g6 18. Rab1 Rfe8 19. Nd2 Bf8 20. Nf3 Bg7 $17 {
Zapolskis-Oll/Riga/zt/1995}) 13. a3 (13. Rae1 $6 e5 $5 (13... O-O 14. a3 (14.
g4 d5 $1 $132 (14... Rfe8 15. g5 Nd7 16. Nd4 Bf8 17. a3 (17. f5 exf5 18. Nxf5
Ne5 19. Bd4 $13 {Popovic}) 17... Nxd3 18. cxd3 Nc5 19. Rd1 g6 20. b4 Nd7 21.
Rc1 Qd8 $10 {Ulibin-Popovic/MoskvaGMA/1989})) 14... Nxd3 15. cxd3 Rac8 16. Rc1
Qd7 17. Na5 $2 (17. Nd4 g6 $10) 17... Ba8 18. Bd4 Rfe8 19. b4 Bd8 20. Qg3 e5 $1
$17 {Espig-Hort/Polanica/1977}) 14. Kh1 $6 (14. a3 Nxd3 15. cxd3 O-O 16. Rc1
Qd8 $10 {Minic-Csom/Siegen 1971}) 14... O-O 15. a3 (15. Nc1 $6 Qc8 (15... Nxd3
16. cxd3 b4 17. Na4 Qd7 (17... Bc8 18. Qf3 Rb8 $15) 18. Qxd7 Nxd7 $15) 16. Qf3
Nxd3 17. cxd3 b4 $6 (17... Qd7 $15 {/\b4}) 18. Na4 Qc6 19. Nb6 Rad8 20. fxe5
dxe5 21. Qg3 Qe6 22. Rf5 Bd6 $2 (22... g6 $5 $13 23. Rxe5 $140 $2 (23. Nc4 $2
Nxe4 $1) 23... Bd6 24. Rxe6 Bxg3 25. Rxf6 Bxe1) 23. Ref1 Nd7 24. Nxd7 Qxd7 (
24... Rxd7 25. Rf6 Qe7 26. Bh6 $18) 25. Bg5 $16 {Girkiyan-Shusterman/Moskva/ol/
1994}) 15... Nxd3 16. cxd3 Rac8 17. Nd2 Qd7 18. Qf3 $2 (18. Qxd7 Nxd7 19. d4
$15) 18... a5 $1 19. d4 b4 20. axb4 axb4 21. Ne2 exd4 22. Bxd4 Rc2 23. Qd3 Qc6
$1 $17 {Thorhallsson-Mortensen/Reykjavik/zt/1995}) (13. Nd4 g6 (13... O-O 14.
a3 Nxd3 15. cxd3 Rac8 16. Rac1 Qd8 $10 {Bellin-Gheorghiu,Teesside/1972} (16...
Qd7 $5 $10)) 14. a3 Nxd3 15. cxd3 Rc8 (15... Qd7 16. Nf3 Nh5 17. g4 Ng7 18.
Rac1 f6 19. Qh6 O-O 20. f5 $13 {Belikov-Kislev/RUS Army-ch/1994}) 16. Rac1 Qd7
17. Nf3 a5 $1 18. f5 b4 19. axb4 axb4 20. Ne2 e5 21. Ng3 $2 (21. Bg5 $13) 21...
Ba6 22. Rcd1 h5 $1 23. Ng5 Ng4 $17 {Lamoureux-Hauchard/Paris/1994}) 13... Nxd3
14. cxd3 O-O (14... e5 15. Rac1 Qd8 16. Nd2 (16. g4 $2 h5 $1 17. gxh5 Rxh5 18.
Qf3 Rh7 19. Ne2 Rc8 20. Ng3 Rxc1 21. Bxc1 a5 22. Be3 a4 23. Nd2 Qc8 $1 $17 {
Tukmakov-Csom/Zagreb/1971}) 16... O-O 17. d4 exd4 $2 (17... exf4 18. Bxf4 Rc8
$10) 18. Bxd4 Re8 19. Rce1 Qd7 20. f5 a5 21. Re3 b4 22. Ne2 Rac8 23. Rg3 $16 {
Frolov-Smuter/Nikolaev/zt/1993}) 15. Rac1 Qd8 (15... Qd7 16. g4 $5 $40) 16. Nd4
Rc8 17. Qg3 Kh8 18. Kh1 Nd7 $6 (18... g6) 19. f5 e5 20. Nf3 Nf6 21. h3 h6 22.
Qf2 d5 $5 23. Nxe5 dxe4 24. d4 $14 {Tischbierek-Heissler,Bundesliga/94/95}) (
12. a4 {Boensch} b4 13. Ne2 Na5 (13... O-O 14. a5 Rae8 15. Ng3 Bd8 16. Qe2 Qc8
17. Bd2 Nd7 18. c3 Nc5 19. Nxc5 dxc5 20. e5 bxc3 21. bxc3 Nxa5 22. f5 $2 (22.
Rfb1 $10) 22... c4 $17 {Morozevich,A-Tosic,M Alushta 2 (01) 1994 1/2 42}) 14.
Nxa5 Qxa5 15. g4 Rc8 16. g5 Nd7 17. Ng3 O-O 18. f5 Ne5 19. Qf4 exf5 20. Nxf5
Rfe8 21. Bd4 Bf8 $15 {Morozevich,A-Tregubov,P Alushta 2 (07) 1994 0-1 33})
12... O-O (12... b4 $6 {Boensch} 13. axb4 Nxb4 14. Na5 $14) 13. Qh3 g6 $2 (
13... Rfe8 14. Rae1 g6 $6 15. Kh1 Nd7 16. f5 Bf6 17. Rf2 Nce5 18. fxe6 Rxe6 19.
Ref1 Bg7 20. Rxf7 Nxf7 21. Qxe6 $16 {Polgar,Zso-Damljanovic/Wijk-B/1990}) (
13... b4 $1 14. axb4 (14. Na4 Nd7 (14... bxa3 15. bxa3 Rab8 $15) 15. Rf3 e5 $2
(15... bxa3 16. bxa3 Rfe8 $15) 16. f5 bxa3 17. bxa3 Bf6 18. Qh5 $16 {
Torre-Saidy/Malaga/1969}) 14... Nxb4 15. Nd4 (15. e5 $2 dxe5 16. fxe5 Qxe5 17.
Rxf6 (17. Bd4 Qh5 $19) 17... Nxd3 $19) 15... Nd7 16. Rf3 $6 (16. Qg3) 16... Nc5
17. f5 e5 18. Qh5 Nd7 19. Nde2 Nf6 20. Qh3 d5 $17 {Franco-Miles/Buenos Aires/
1979/Inf29/279}) 14. f5 exf5 (14... Bc8 15. Bg5 $16) 15. exf5 Ne5 16. Be2 $1
$16 (16. Bh6 {Boensch} Rfe8 17. fxg6 hxg6 18. Rae1 Nfg4 $1 $36) 16... Nc4 17.
Bg5 (17. Bd4 $16 Ne5 $8) 17... d5 (17... Nxb2 {Boensch} 18. Rab1 Nc4 19. fxg6
fxg6 20. Qe6+ Kg7 21. Bxc4 bxc4 22. Nd4 $44) 18. Kh1 (18. fxg6 $2 Qb6+ 19. Kh1
fxg6 $10) 18... Qb6 19. Rad1 (19. Rf4 $1 $16 {/\20.Raf1->}) (19. Bxc4 {Boensch}
dxc4 20. Rae1 $1 Rae8 21. fxg6 fxg6 22. Be3 (22. Re6 Ng4 $3 $19) 22... Qc7 23.
Nd4 $13) 19... Nxb2 $5 20. Rd4 (20. Bxf6 {Boensch} Bxf6 21. Nxd5 Bxd5 22. Rxd5
Rad8 $17) 20... Rac8 21. Rdf4 (21. Rh4 {Boensch  Stellt keine echte Drohung
dar. z.B.} Qd6 22. Bxf6 (22. fxg6 fxg6 23. Nd4 Qe5 $17) 22... Bxf6 23. Rxh7
Rxc3 $19) 21... d4 $1 (21... Nc4 $2 22. fxg6 fxg6 23. Nd4 $40 (23. Qh4 $13 {
Boensch})) (21... Qd6 $1 {Boensch} 22. fxg6 fxg6 23. Nd4 Rf7 $17) 22. Nxd4 (22.
fxg6 {Boensch} fxg6 (22... Rxc3 $2 23. Rxf6 $1 Rxh3 24. Rxb6 Bxg5 25. Rxb7 Rh4
26. gxf7+ Kg7 27. Nc5 Rh6 28. Bg4 $18) (22... hxg6 23. Bxf6 Bxf6 24. Rxf6 $18)
23. Nxd4 $13 Rxc3 $4 24. Qxc3 Nd5 25. Rxf8+ Bxf8 26. Qxb2 $18) 22... Rxc3 23.
Qxc3 Nd5 24. fxg6 $2 (24. Qg3 Nxf4 25. Rxf4 (25. Bxe7 $2 Bxg2+ $19) 25... Bxg5
26. Qxg5 Re8 $16 27. fxg6 $140 $2 Qxg6 $10) 24... hxg6 $2 $138 (24... Nxc3 25.
gxh7+ (25. Bxe7 $2 hxg6 $1 26. Bxf8 Nxe2 27. Nxe2 Nc4 $1 $17 (27... Kxf8 $4 28.
Rxf7+ Kg8 (28... Ke8 29. Rf8+ Ke7 30. R1f7+ $18) 29. Rf8+ Kg7 30. R1f7+ Kh6 31.
Rh8+ Kg5 32. h4+ Kg4 33. Rf4#)) (25. gxf7+ $2 Rxf7 26. Rxf7 Bxg5 27. Rf8+ Kg7
28. R1f7+ Kg6 $19) 25... Kh8 $1 (25... Kxh7 $2 26. Rh4+ Kg6 (26... Kg7 $2 27.
Nf5+ $18) (26... Kg8 27. Bxe7 Bxg2+ (27... Re8 28. Rg4+ Kh8 29. Rf6 $140 $1 $18
Qxd4 30. Rh6#) 28. Kxg2 Nxe2 (28... Qb7+ 29. Kh3 $1 Nxe2 (29... Qxe7 $2 30.
Rg1+ $18) 30. Bf6 $18) 29. Rg4+ Kh7 30. Bxf8 Qb7+ (30... Nxd4 31. Rxf7+ Kh8 32.
Bg7+ $18) 31. Rf3 $16 (31. Nf3 $16)) 27. Bxe7 (27. Rh6+ $2 Kxg5 28. Rxb6 Be4 $1
$13 (28... Nxe2 $4 29. Rf5+ Kh4 30. Rh6+ Kg4 31. h3+ Kg3 32. Nxe2#) 29. h4+
$140 $2 Kxh4 30. Rf4+ Kg3 $1) 27... Bxg2+ (27... Nxe2 $2 28. Rg4+ $1 Kh7 (28...
Kh5 29. Rf5+ $1 Kxg4 30. h3+ Kg3 31. Nxe2#) 29. Bxf8 Nxd4 (29... Bd5 30. Rf5
$18) 30. Rxf7+ Kh8 31. Bg7+) 28. Kxg2 Qb7+ 29. Kh3 $1 Qxe7 30. Bh5+ $1 (30.
Rg1+ Qg5 31. Bh5+ Kh6 $13) 30... Kg5 (30... Kh7 31. Bxf7+ Kg7 32. Nf5+ Kxf7 33.
Rh7+ Kg6 34. Nxe7+ $18) 31. Rf5+ Kh6 32. Bxf7+ Qxh4+ $8 (32... Kg7 $2 33. Rg4+
Kh6 34. Rh5#) 33. Kxh4 $18) 26. Bxe7 Nxe2 $1 27. Bf6+ (27. Nxe2 Bxg2+ $1 28.
Kxg2 Qb7+ $19) 27... Qxf6 $1 (27... Kxh7 28. Rh4+ Kg6 29. Rg4+ $10) 28. Rxf6
Nxd4 29. Rxf7 Rxf7 30. Rxf7 Bc6 $15) 25. Qg3 (25. Qxb2 {Boensch} Bxg5 26. Rg4
$1 $16) 25... Nxf4 26. Rxf4 Bxg5 (26... Bd6 27. Bf6 $1 Bxf4 28. Qxf4 $18 {
/\29.Qh4}) 27. Qxg5 Qd8 (27... Rd8 28. Nf5 $18) (27... Bc8 28. h4 $16) 28. Qh6
(28. Qxd8 {Boensch} Rxd8 29. h4 $15) 28... Re8 29. h3 $4 $138 (29. Rh4 Qf6 30.
Nf5 $3 (30. Qh7+ {Boensch} Kf8 31. Qh8+ Ke7 (31... Qxh8 32. Rxh8+ Ke7 33. Rxe8+
Kxe8 $10) 32. Qxf6+ (32. Qh6 Qf2 $17) 32... Kxf6 $17) 30... Bxg2+ (30... Rxe2
31. Qh7+ Kf8 32. Qh8+ Qxh8 33. Rxh8#) 31. Kg1 $1 Qb6+ 32. Nd4 $18) 29... Nc4
$15 30. Bf3 $2 (30. Rh4 Qf6 31. Qh7+ (31. Nf5 $2 Qa1+ $1 32. Kh2 gxf5 33. Qg5+
Qg7 $19) 31... Kf8 32. Qh8+ Ke7 $1 (32... Qxh8 33. Rxh8+ Ke7 34. Rxe8+ Kxe8 35.
a4 $10) 33. Qxf6+ Kxf6 $15 (33... Kxf6 {Boensch} 34. Rf4+ Kg7 $15)) (30. Bxc4 {
Boensch} bxc4 $17) 30... Bxf3 31. Nxf3 Qd1+ $1 32. Kh2 Qd6 $17 33. h4 $2 (33.
Kh1 {Boensch} Qxa3 34. Ng5 Qc1+ $19) 33... Re4 34. g3 Re2+ 35. Kh3 (35. Kh1 {
Boensch} Qd1+ 36. Ng1 Re1 $19) 35... Qd7+ $1 36. g4 (36. Rg4 {Boensch} Ne3 $19)
36... Qd1 $19 37. Rd4 (37. Rxf7 {Boensch} Qh1+ 38. Kg3 Rg2+ 39. Kf4 Qc1+ $19)
37... Qf1+ 38. Kg3 Rg2+ 39. Kf4 Qc1+ 40. Nd2 Rxd2 0-1

[Event "CZE-chT 0001"]
[Site "Czech Republic"]
[Date "2000.11.19"]
[Round "2"]
[White "Hracek, Zbynek"]
[Black "Chernyshov, Konstantin"]
[Result "1/2-1/2"]
[WhiteElo "2602"]
[BlackElo "2521"]
[Annotator "Hracek,Z"]
[PlyCount "78"]
[EventDate "2000.11.19"]
[EventType "team-tourn"]
[EventRounds "11"]
[EventCountry "CZE"]
[SourceTitle "CBM 079"]
[Source "ChessBase"]
[SourceDate "2000.11.21"]
[SourceVersion "1"]
[SourceVersionDate "2000.11.21"]
[SourceQuality "1"]
[WhiteTeam "Brno Lokomotiva"]
[BlackTeam "Praha Holdia"]
[WhiteTeamCountry "CZE"]
[BlackTeamCountry "CZE"]

1. e4 c5 2. Nf3 d6 3. d4 cxd4 4. Nxd4 Nf6 5. Nc3 Nc6 6. Bc4 Na5 $6 7. Bb5+ Bd7
8. Qe2 e6 9. Bg5 Be7 10. O-O-O a6 11. Bxd7+ Nxd7 12. Bxe7 Qxe7 13. Nb3 $1 $14
Nxb3+ 14. axb3 Rc8 (14... Rd8 15. Rd2 O-O 16. Rhd1 $14) (14... O-O-O 15. Qe3
Ne5 16. f4 Nc6 17. Rd3 $14) 15. Qd2 Rc6 16. Rhe1 O-O 17. Re3 Rd8 18. f4 b5 19.
Kb1 Nc5 20. Qd4 Rcc8 21. f5 $16 Rb8 22. Rg3 (22. f6 $5 Qxf6 (22... gxf6 23. Nd5
$1 exd5 24. exd5 Qc7 25. Qxf6 Nd7 26. Rg3+ Kf8 27. Qh6+ Ke7 28. Qh4+ Kf8 29.
Rf1 Ne5 30. Qh6+ Ke7 31. Rxf7+ $18) 23. e5 Qg5 24. exd6 Nd7 25. b4 e5 26. Qe4
f5 27. Rg3 Qf6 28. Qc6 $36) 22... f6 23. fxe6 (23. b4 $142 $1 Na4 24. fxe6
Nxc3+ 25. Rxc3 Qxe6 26. Rc6 Rbc8 27. Qd5 $1 $16 (27. Rxa6 $6 Rxc2 28. Kxc2 Qc8+
) (27. Rxd6 Rxd6 28. Qxd6 Qxe4) 27... Qxd5 28. exd5 Rxc6 29. dxc6 Kf7 (29... d5
$2 30. Rxd5 $1) (29... Rc8 30. Rxd6 Rc7 31. b3 $1 Kf7 32. c4 bxc4 33. bxc4 Ke7
34. c5 $18) 30. c7 Rc8 31. Rxd6 Rxc7 32. Rxa6 Rc4 (32... Re7 33. Rb6 Re1+ 34.
Ka2 Re2 35. Kb3 Rxg2 36. Rxb5 g5 (36... Rxh2 37. Rb7+ Kg6 38. b5 h5 39. b6 Re2
40. Rb8 h4 41. c4 $18) 37. Rb7+ Kg6 38. b5 Rxh2 39. b6 Re2 40. Rb8 Kf5 41. c4
g4 42. c5 $18) 33. c3 Rg4 $16 34. g3 h5 35. Rb6 h4 36. gxh4 Rxh4 37. Rxb5 Rxh2
38. Rb7+ Kg6 39. Rb8 Kf5 40. b5 g5 41. b6 g4 42. c4 $18) 23... Kh8 $8 24. Nd5
$6 (24. b4 Nxe6 25. Nd5 $14) 24... Qxe6 25. b4 Nxe4 26. Re3 f5 27. g4 Re8 28.
Nc7 (28. gxf5 Qxf5 29. Rde1 Nf6 30. Nxf6 Rxe3 31. Rxe3 Qxf6 32. Qxf6 gxf6 33.
Re6 $11) 28... Nd2+ 29. Rxd2 Qxe3 30. Nxe8 Qxd4 31. Rxd4 Rxe8 32. gxf5 Rd8 33.
b3 Kg8 34. c4 bxc4 35. Rxc4 $8 Rf8 36. Rc6 Rxf5 37. Rxa6 Rb5 (37... d5 38. b5
d4 39. b6 Rb5 40. Kc2 Kf7 41. Ra7+ Kf6 42. Rd7 $11) 38. Rxd6 Rxb4 39. Rd3 {
(1.59-1.52)} g5 1/2-1/2

[Event "Novgorod 3rd"]
[Site "Novgorod"]
[Date "1996.07.29"]
[Round "8"]
[White "Polgar, Judit"]
[Black "Short, Nigel D"]
[Result "1-0"]
[WhiteElo "2665"]
[BlackElo "2695"]
[Annotator "Huzman,A"]
[PlyCount "115"]
[EventDate "1996.07.20"]
[EventType "tourn"]
[EventRounds "10"]
[EventCountry "RUS"]
[EventCategory "19"]
[SourceTitle "CBM 054"]
[Source "ChessBase"]
[SourceDate "1996.10.01"]
[SourceVersion "1"]
[SourceVersionDate "1996.10.01"]
[SourceQuality "1"]

1. e4 c5 2. Nf3 d6 3. d4 cxd4 4. Nxd4 Nf6 5. Nc3 Nc6 6. Bc4 Qb6 7. Nb3 e6 8.
Bf4 Ne5 9. Be2 Bd7 10. g4 Bc6 11. f3 Ng6 12. Bg3 d5 13. exd5 Nxd5 14. Nxd5 Bxd5
15. Qd4 Qxd4 16. Bb5+ Bc6 17. Nxd4 Ne7 18. O-O-O a6 19. Nxc6 Nxc6 20. Bxc6+
bxc6 21. Rd3 Be7 22. Rhd1 h5 23. Rd7 hxg4 24. fxg4 Bg5+ 25. Kb1 Bh4 26. Rc7
Bxg3 27. hxg3 a5 28. a4 O-O 29. Rxc6 Kh7 30. Rd7 Kg6 31. Rcc7 e5 32. Kc1 Rad8
33. Rxd8 Rxd8 34. Ra7 Kg5 35. Rxf7 Kxg4 36. Re7 Kxg3 37. Rxe5 Kf4 38. Rxa5 g5
39. Ra7 g4 40. a5 Rg8 41. Kd2 g3 42. Rf7+ Ke4 43. Rf1 g2 44. Rg1 Kf3 45. b4 Kf2
46. Rxg2+ Kxg2 47. b5 Kf3 48. Kd3 Kf4 $2 (48... Rd8+ $1 49. Kc4 Ke4 50. b6 Rc8+
51. Kb5 Kd5 $1 (51... Rxc2 52. a6 Kd5 53. a7 Rb2+ 54. Ka4 $18) 52. b7 (52. a6
Rc5+ $1 53. Kb4 Rc4+ 54. Kb5 $10 (54. Kb3 $2 Rc6 55. b7 Rb6+ {/\Kd5-c6-+}))
52... Rxc2 53. Kb6 Rb2+ 54. Kc7 Rc2+ 55. Kd7 (55. Kd8 Rb2 56. a6 Kc6 57. Kc8
Rh2 $10) 55... Rb2 56. a6 Rb6 $1 57. Kc8 Rc6+ 58. Kd8 Rd6+ 59. Ke8 Re6+ 60. Kf8
Rf6+ 61. Kg8 Rg6+ 62. Kh8 Rh6+ $10 63. Kg7 $4 Rb6 $19) 49. Kd4 Kf5 50. Kd5 Rd8+
51. Kc6 Ke6 52. a6 Rd6+ 53. Kb7 Rd7+ 54. Kb6 Rd6+ 55. Ka5 Rd7 56. c4 Ke7 57. b6
Rd1 58. b7 1-0

[Event "Wch U20 56th"]
[Site "Tarvisio"]
[Date "2017.11.14"]
[Round "1"]
[White "Tutisani, Noe"]
[Black "Karthikeyan, Murali"]
[Result "0-1"]
[WhiteElo "2361"]
[BlackElo "2578"]
[Annotator "Karthikeyan,M"]
[PlyCount "58"]
[EventDate "2017.11.13"]
[EventType "swiss"]
[EventRounds "11"]
[EventCountry "ITA"]
[SourceTitle "CBM 182"]
[Source "ChessBase"]
[SourceDate "2018.01.17"]
[SourceVersion "1"]
[SourceVersionDate "2018.01.17"]
[SourceQuality "1"]

1. e4 c5 2. Nf3 Nc6 3. d4 cxd4 4. Nxd4 Nf6 5. Nc3 d6 6. Bc4 Bd7 7. Be3 $5 Ng4 (
7... e6 8. Qe2 {transposes to the Velimirovic Attack.}) 8. O-O $2 (8. Nxc6 bxc6
(8... Nxe3 $4 9. Bxf7+ {wins the queen}) 9. Bd2 g6 $11 {and Black gets a
comfortable version of a Dragon.}) 8... Nce5 (8... Nxe3 9. fxe3 e6 10. Qh5 $11)
9. Bb3 Nxe3 10. fxe3 e6 11. Nf3 {Otherwise the knight on e5 is simply strong.}
Be7 {simplest} (11... Ng6 12. Qd4 $11 {[%csl Yf8] the f8-bishop becomes
passive as it cannot be developed without weakening anything.}) (11... Nc6 12.
Nb5 Qb8 13. Ng5 Ne5 14. Qh5 g6 15. Qh3 $13) 12. Nxe5 dxe5 13. Qg4 (13. Qh5 Bf6
(13... O-O 14. Qxe5 Bf6 {is also possible} 15. Qg3 Qb8 16. Qxb8 Raxb8 $15) 14.
Rad1 Qe7 $17) 13... O-O 14. Rf3 $5 {As White is weak in creating counterplay
on the central files, his only chance is to create an attack on the kingside.}
b5 {[%csl Yb3]} 15. Raf1 a5 (15... g6 16. Qg3 b4 17. Ne2 Bb5) (15... b4 16. Nd1
a5 17. Bc4 $15) 16. a4 (16. a3 b4 (16... a4 17. Ba2 b4 18. axb4 Bxb4 $17) 17.
axb4 axb4 18. Ne2 Qb6 $17) 16... bxa4 17. Nxa4 (17. Bxa4 Bxa4 18. Nxa4 Qc7 $17)
17... Rb8 18. Qh5 Qe8 (18... Bb5 $5 19. c4 (19. Rh3 h6 20. Ra1 Bxa4 21. Rxa4
Rb4 $17) 19... Be8 $19) 19. Rh3 h6 20. Rg3 Kh7 $6 (20... Bg5 21. h4 (21. Nc5
Bb5 22. c4 Qe7 23. cxb5 Qxc5 $17) 21... g6 22. Qg4 Be7 $17) 21. Qxe5 f6 $6 (
21... Rg8 22. Ra1 Bf6 $17 {was also possible.}) 22. Qc7 Rc8 23. Qb7 $2 (23. Qa7
Bd6 24. Rd1 Rc7 25. Qxa5 Bxg3 26. hxg3 Qb8 $15 {and White has very good
chances to get equality.}) 23... Bd6 24. e5 Bxe5 25. Rd1 $2 (25. Nb6 Rc7 26.
Qe4+ Kh8 27. Nxd7 Qxd7 (27... Rxd7 28. Rgf3 Rdf7 29. g4 Bxb2 {Black is a pawn
up but due to the opposite-coloured bishops, White has very good chances of
saving the game.}) 28. Qxe5 (28. Rgf3 Rb8) 28... fxe5 29. Rxf8+ Kh7 30. c3 $17
{and White has very good chances to try for a draw.}) 25... Rc7 26. Qe4+ Kh8
27. Rg4 Bc6 28. Qd3 (28. Qg6 Qxg6 29. Rxg6 h5 $19 {[%csl Rg6]}) 28... Qh5 29.
Bxe6 (29. h3 Rd7 30. Qe2 (30. Qxd7 Bxd7 31. Rxd7 f5 $19) 30... Rxd1+ 31. Qxd1
f5 32. Rd4 Qg5 $19) 29... f5 (29... f5 30. Rf4 Bxf4 31. exf4 Bxa4 $19) 0-1

[Event "USA-ch"]
[Site "Long Beach"]
[Date "1993.??.??"]
[Round "9"]
[White "Ivanov, Alexander"]
[Black "Yermolinsky, Alex"]
[Result "0-1"]
[WhiteElo "2535"]
[BlackElo "2605"]
[Annotator "Kortschnoj,V"]
[PlyCount "75"]
[EventDate "1993.12.??"]
[EventType "tourn"]
[EventRounds "11"]
[EventCountry "USA"]
[EventCategory "14"]
[SourceTitle "CBM 039"]
[Source "ChessBase"]
[SourceDate "1994.04.01"]
[SourceVersion "1"]
[SourceVersionDate "1994.04.01"]
[SourceQuality "1"]

1. e4 c5 2. Nf3 d6 3. d4 cxd4 4. Nxd4 Nf6 5. Nc3 Nc6 6. Bc4 Qb6 7. Nb3 e6 8.
Bg5 a6 9. O-O Ne5 10. Be2 Be7 11. Kh1 O-O 12. f4 Ng6 13. Bh5 Qc7 14. Bxg6 hxg6
15. Qe2 b5 16. e5 Ne8 (16... dxe5 17. fxe5 Ne8 18. Bxe7 Qxe7 19. Ne4 $40) 17.
Bxe7 Qxe7 18. Rad1 Bb7 19. Na5 d5 20. Qe3 Qc7 21. b4 Bc8 22. Nb3 f6 23. Nc5 g5
24. Ne2 gxf4 25. Nxf4 Qxe5 26. Qh3 Qf5 27. Qb3 Qe5 28. Rde1 Qd6 29. Nfxe6 Bxe6
30. Rxe6 Qd8 31. Nxa6 Rf7 32. Rfe1 Nc7 33. Nxc7 Rxc7 34. h3 Kf7 35. Qf3 Rd7 36.
Qh5+ Kf8 37. a3 Rf7 38. Qh8# {White's flag fell after making his 37th move and
the arbiter declared it 0-1 even though White mated Black} 0-1

[Event "Malakoff op 09th"]
[Site "Malakoff"]
[Date "2009.04.16"]
[Round "9"]
[White "Abergel, Thal"]
[Black "Shirazi, Kamran"]
[Result "1-0"]
[WhiteElo "2497"]
[BlackElo "2417"]
[Annotator "Malakoff/Primel,D"]
[PlyCount "81"]
[EventDate "2009.04.11"]
[EventType "swiss"]
[EventRounds "9"]
[EventCountry "FRA"]
[SourceTitle "EXT 2010"]
[Source "ChessBase"]
[SourceDate "2010.11.25"]
[SourceVersion "1"]
[SourceVersionDate "2010.11.25"]
[SourceQuality "1"]

1. e4 c5 2. Nf3 d6 {plus sérieux que la 3ème ronde} (2... a6 {Dussol,P (2232)
-Shirazi,K (2404) Malakoff 09th Op 2009 (3) 0-1}) 3. d4 cxd4 4. Nxd4 Nf6 5. Nc3
Nc6 6. Bc4 Bd7 $5 {Une ligne secondaire beaucoup moins jouée que e6 ou même
Qb6, l'effet de surprise a du jouer car le MI n'avait pas utilisé cette
variante depuis une dizaine d'années.} (6... e6) 7. O-O (7. Bb3 g6 $5 {
Transposant dans un dragon} 8. f3 Nxd4 9. Qxd4 Bg7 10. Bg5 (10. Be3 $6 O-O {
[%cal Gg7d4]}) 10... O-O {Bartel,M (2596)-Nisipeanu,L (2693) EU-ch 8th Dresden
2007 (11) 1/2}) 7... a6 (7... g6) 8. a4 (8. Bb3 Rc8 9. Nxc6 Bxc6 10. Re1 e6 11.
Qd3 Be7 12. Qg3 O-O 13. Bh6 Ne8 14. Rad1 a5 15. a4 Qd7 16. Bg5 Bxg5 17. Qxg5 b6
18. Rd3 h6 19. Qh4 b5 20. axb5 Bxb5 21. Rd4 e5 22. Rdd1 a4 23. Ba2 {Soltis,A 
(2405)-Shirazi,K (2460)/New York 1987/CBM 002/0-1 (45)}) 8... Rc8 {[%cal Gc8c4,
Gc6d4]} 9. Ba2 g6 $1 $146 {transposant dans une bonne variante du dragon} (9...
e6 $143 10. Be3 Be7 11. f3 Ne5 12. Qe2 h5 13. Qf2 Nc4 14. Bxc4 Rxc4 15. Nb3 h4
16. Bb6 Qc8 17. a5 e5 18. Nd2 Rb4 19. Rfb1 Be6 20. Qe3 Qc6 21. b3 d5 22. exd5
Nxd5 23. Nxd5 Qxd5 24. c4 {Straubinger,D (2125)-Seres,S (2204)/Hungary 2008/
EXT 2009/0-1 (37)}) 10. Nde2 Bg7 $11 11. h3 {[%cal Gc1e3]} (11. f3 $143 Qb6+)
11... O-O 12. Be3 b5 13. axb5 axb5 14. Ng3 (14. Nxb5 $143 Nxe4 $132) 14... Ne5
15. Bd4 Nc6 16. Be3 {Nulle?} Ne5 17. Nce2 {Les blancs jouent pour le gain mais
ils prennent des risques} Qc7 18. c3 Nc4 19. Bc1 Qb7 $17 20. Bb1 Ra8 $1 21.
Rxa8 Rxa8 22. b3 Ra1 $40 23. Bc2 Na5 24. Qd3 b4 25. c4 Bc6 26. e5 dxe5 27. Qd8+
{Mène а des grandes complications car la Q blanche va risquer d'être enfermée
dans son périple dans le camp adverse.} Bf8 28. Kh2 $2 Qa8 $2 (28... Nxb3 $1
29. Bxb3 Nd7 $1 {[%cal Ga1a8] enferme la Q!}) 29. Qc7 Bxg2 30. Rd1 {[%cal
Gd1d8]} Nc6 31. Kxg2 $1 {[%csl Ga8] sans peur de la découverte de la Qa8} Ra7 {
[%csl Rc7]} 32. Qb6 $8 Nd4+ 33. Kf1 Rb7 $17 34. Qc5 {[%cal Gf8c5]} Nd7 (34...
Nxc2 35. Qxe5 Qc8) 35. Qd5 Nxc2 $13 36. Qe4 Nd4 37. Nxd4 exd4 38. Rxd4 Qc8 39.
Qe3 Ne5 {[%csl Rh3][%cal Gc8h3]} 40. h4 e6 41. Nh5 $5 {suite illisible et gain
blanc au 69ème coup} (41. Qxe5 Bg7 42. Qe3 Bxd4 43. Qxd4 Rd7 {[%csl Rc1]} 44.
Qe3 Rd1+ 45. Ke2 Qd8 $13) 1-0